Statistics for Geordie Shore Stars

Click here to take the quiz!

General Stats

  • This quiz has been taken 227 times
  • The average score is 13 of 15

Answer Stats

NumberAnswer% Correct
11Charlotte
99%
2Gary
98%
1Holly
94%
3Chloe
93%
15Vicky
93%
5Marnie
92%
4Nathan
92%
9Sophie
90%
7Scott
88%
13James
87%
14Jay
84%
6Aaron
83%
8Kyle
63%
10Marty
61%
12Chantelle
51%

Score Distribution

Percentile by Number Answered

Percent of People with Each Score

Your Score History

You have not taken this quiz